| 000 | 00645nam a2200241 a 4500 | ||
|---|---|---|---|
| 999 |
_c6737 _d6737 |
||
| 001 | 6737 | ||
| 003 | BD-JhCC | ||
| 005 | 20180129110349.0 | ||
| 008 | 180129s1956 enk 001 0 eng d | ||
| 035 | _a(BD-JhCC)6737 | ||
| 035 | _a2513578 | ||
| 040 |
_aBD-JhCC _cANL _dBD-JhCC |
||
| 041 | _aeng | ||
| 082 | 0 | 4 |
_a610/.9 _bATK 1956 |
| 100 | 1 |
_aAtkinson, Donald Taylor, _d1874-1959. |
|
| 245 | 1 | 0 |
_aMagic, myth, and medicine / _cForeword by Max Thorek. |
| 260 |
_aCleveland : _bWorld Pub. Co., _c[1956]. |
||
| 300 |
_a240 p. :. _c20 cm. |
||
| 504 | _aIncludes Index | ||
| 650 | 0 |
_aMedicine _xHistory. |
|
| 942 |
_2ddc _cBK |
||